000 00689nam a2200229Ia 4500
003 OSt
005 20250217171603.0
008 210210b2012 xxu||||| |||| 00| 0 eng d
020 _a9788189562096
040 _cAL
041 _ahin
082 _aH891.9 ZARH
100 _aZARI (Krashnaved)
_9200451
110 _bज़री कृष्णवेद
_9200452
245 _aHindi sahity aur sahitykar:
_bहिंदी साहित्य और साहित्यकार Vol 1:
260 _aNayi Dilli
_bNational Council of Hindi Literature
_c2012
300 _a320
440 _a1
_9200453
690 _aHindi Criticism
_9200454
906 _a068952
942 _2ddc
_cBK
999 _c153074
_d153074